00788 2200253 4500001002100000005001700021008004100038020001800079035002400097082001100121090002300132100001900155245012200174260002700296300003100323500004900354500002700403650002100430700002500451850001600476980001400492985000600506999002200512YOGYA-0209000004541820090227030902.0 ind  a979-763-099-4 0010-020900000045418 a629.89 a629.89bSet PlDEP aSETIAWAN, Iwan aProgrammable logic controller (PLC) dan teknik Perancangan sistem kontrolcIwan Setiawan; editor, Dhewiberta Hardjono aYogyakartabAndic2006 aviii, 216 hlmbilusc23 cm aDiterbitkan kerjasama dengan Deli Publishing aBibliografi : hlm. 215 aKontrol komputer aHardjono, Dhewiberta aYOPDYOG (M) a18-6-2007 a1 aCB-D.11 2006-031h